000 00488nam a2200169Ia 4500
008 230718s9999 xx 000 0 und d
020 _a9789351952121
041 _aeng
082 _a362.5
_bLAL
100 _aLal A.
_9201195
245 _aIndia Social
_bHow Social Media Is Leading The Charge And Changing The Country
260 _c2017
_bHachette
300 _a258
365 _cRs.
_b299.00
700 _aLal A.
_9201195
906 _dO:0618220-Oct-2018B:476424-Sep-2018
_cGENRL
_b65.78
999 _c348747
_d348747